00585cam a22001932 4500001001100000005001700011008004100028020001700069040001500086245012600101250002100227260005600248300001700304650003000321700003100351852000300382852000300385852000300388000002432920151217145947.0130717s xx 000 0 eng d a9521202475 : aKABUcKABU13aAn Introduction to the international protection of human rights :ba textbook /cedited by Raija Hanski and Markku Suksi. a2nd revised ed. aTurku, Finland :bInstitute of Human Rights,c1999. axii, 468 p. 0aHuman rights.@00001502981 aSuksi, Markku.@00001843351 1 1